000 00475nam a2200181Ia 4500
999 _c29064
_d29064
003 OSt
005 20210106124353.0
008 190216s9999||||xx |||||||||||||| ||und||
020 _a9788126412754
040 _coclc
082 _a150
_bWEL/V
100 _aWelch, Jack
_98203
245 0 _aVijayathilekku /
_cJack Welch
260 _bD C Books,
_aKottayam:
_c2006.
300 _a332p
650 _aGeneral
942 _cBK
_2ddc
_h150
_iWEL/V
_k150
_mWEL/V